Slippery paths in the darkness : papers on syncretism: 1965-1988 /
Sábháilte in:
| Príomhchruthaitheoir: | |
|---|---|
| Formáid: | LEABHAR |
| Teanga: | Béarla |
| Foilsithe / Cruthaithe: |
Pasadena, CA :
William Carey Library,
2014.
|
| Ábhair: | |
| Clibeanna: |
Níl clibeanna ann, Bí ar an gcéad duine le clib a chur leis an taifead seo!
|
MARC
| LEADER | 00000nam a22000007a 4500 | ||
|---|---|---|---|
| 003 | KE-NaDUL | ||
| 005 | 20230414192212.0 | ||
| 008 | 230414b |||||||| |||| 00| 0 eng d | ||
| 020 | |a 9780878084791 | ||
| 040 | |a DUL |c DUL |d Dwaswala | ||
| 050 | 0 | 0 | |a BR127.T57 2014 |
| 100 | 1 | |a Tippett, Alan R. |9 124815 | |
| 245 | 1 | 0 | |a Slippery paths in the darkness : |b papers on syncretism: 1965-1988 / |c edited by Doug Priest |
| 260 | |a Pasadena, CA : |b William Carey Library, |c 2014. | ||
| 300 | |a xx, 213 pages : |b ill. |c 26 cm. | ||
| 650 | 0 | |a Christianity and other religions. |9 124816 | |
| 650 | 0 | |a Missions |x Anthropological aspects. |9 124817 | |
| 650 | 0 | |a Missions |x Theory. |9 124818 | |
| 942 | |2 lcc |c REF |h BR127 |i .T57 |m 2014 |6 BR0127 T57 | ||
| 952 | |0 0 |1 0 |2 lcc |4 0 |6 BR0127 T57 02014 |7 1 |8 REF |9 135729 |a CUI |b CUI |c CUI |d 2023-04-14 |l 0 |o BR127.T57 2014 |p CUI04727 |r 2023-04-14 00:00:00 |w 2023-04-14 |x 04727 |y REF | ||
| 999 | |c 220135 |d 220134 | ||